• 首页
  • 本馆介绍
  • 公告通知
  • 最新文献
  • 馆藏检索
  • 电子资源
  • 读者导购
  • 参考咨询
  • 我的图书馆
  • 登录
  • 详细信息显示
  • 放入我的书架
  • 预约/预借图书
  • 作者相关作品
  • 分类相关作品
  • 丛书相关作品
  • 出版社相关作品

书目信息

  • 表格格式
  • 工作单格式
  • 卡片格式
题名:
中国的抉择
    
 
作者: 李景治 , 蒲俜 著
分册:  
出版信息: 北京   中国人民大学出版社  2012
页数: 193页
开本: 25cm
丛书名:
单 册:
中图分类: D60 , D820
科图分类:
主题词: 发展战略--研究--中国 , 对外政策--研究--中国 , 发展战略 , 对外政策
电子资源:
ISBN: 978-7-300-14539-6
000 01122nam0 22003011 450
001 519
005 20140905100217.84
010    @a978-7-300-14539-6@dCNY58.00
100    @a20120418d2012 em y0chiy50 ea
101 0  @achi
102    @aCN@b110000
105    @aa z 000yy
106    @ar
200 1  @a中国的抉择@AZhong Guo De Jue Ze@e和平发展与构建和谐世界@EHe Ping Fa Zhan Yu Gou Jian He Xie Shi Jie@f李景治,蒲俜等著@FLi Jing Zhi, Pu Ping Deng Zhu
210    @a北京@c中国人民大学出版社@d2012
215    @a193页@c图@d25cm
330    @a本书内容包括:中国和平发展道路与和谐世界理念的内涵、中国和平发展与国际秩序、中国和平发展与经济全球化进程、中国和平发展与中国外交关系、坚持和平发展与推动建设和谐世界。
517 1  @a和平发展与构建和谐世界@AHe Ping Fa Zhan Yu Gou Jian He Xie Shi Jie
606 0  @a发展战略@x研究@y中国
606 0  @a对外政策@x研究@y中国
606 0  @a发展战略
606 0  @a对外政策
690    @aD60@v5
690    @aD820@v5
701  0 @a李景治@ALi Jing Zhi@f(1943~)@4著
701  0 @a蒲俜@APu Ping@g(女,@f1970~)@4著
801  0 @aCN@bTANGWEI@c20140603
905    @b0836652-54@dD60@e120@f3
    
    中国的抉择:和平发展与构建和谐世界/李景治,蒲俜等著.-北京:中国人民大学出版社,2012
    193页:图;25cm
    
    
    ISBN 978-7-300-14539-6:CNY58.00
    本书内容包括:中国和平发展道路与和谐世界理念的内涵、中国和平发展与国际秩序、中国和平发展与经济全球化进程、中国和平发展与中国外交关系、坚持和平发展与推动建设和谐世界。
●
相关链接 在E读中查询图书 在五车中查询图书 在当当中查询图书 在豆瓣中查询图书


正题名:中国的抉择     索取号:D60/120         预约/预借

序号 登录号 条形码 馆藏地/架位号 状态 备注
1 0836652   208366524   第一样本阅览室/ [索取号:D60/120] 在馆    
2 0836653   208366533   第一借阅区/ [索取号:D60/120] 在馆    
3 0836654   208366542   第一借阅区/ [索取号:D60/120] 在馆    
唐山师范学院图书馆 欢迎您!
大连网信软件有限公司© 版权所有